[Event "GER-ch Net blitz sf"]
[Site "Playchess.com INT"]
[Date "2021.06.05"]
[Round "12"]
[White "Hohlbein, Michael"]
[Black "Hundack, Rolf"]
[Result "0-1"]
[WhiteElo "1912"]
[BlackElo "2055"]
[PlyCount "152"]
[EventDate "2021.06.05"]
[EventType "swiss (blitz)"]
[EventRounds "13"]
[EventCountry "GER"]
[SourceTitle "EXT 2023"]
[Source "ChessBase"]
[SourceDate "2022.10.05"]
[SourceVersion "1"]
[SourceVersionDate "2022.10.05"]
[SourceQuality "1"]

1. e4 e5 2. Bc4 Nf6 3. d4 Nc6 4. Nf3 d6 5. d5 Nb8 6. Nc3 Be7 7. Be3 0-0 8. h3 c6 9. dxc6 bxc6 10. 0-0 Ba6 11. Bxa6 Nxa6 12. Qd3 Nc7 13. Rad1 Qc8 14. Bg5 Rd8 15. Qe2 Ne6 16. Be3 a5 17. a4 Rb8 18. b3 Rb4 19. Bd2 Rb7 20. Be3 c5 21. Ng5 Nd4 22. Qc4 Rf8 23. Nb5 h6 24. Nf3 Nxe4 25. Bxd4 cxd4 26. Qd5 Nf6 27. Qc4 Qxc4 28. bxc4 Rc8 29. Nd2 Rc5 30. f3 Ne8 31. Rfe1 Rc8 32. c3 dxc3 33. Nxc3 Nf6 34. Nb5 Kf8 35. Ne4 Rb6 36. Nxf6 gxf6 37. Rc1 Rc5 38. Red1 Rbc6 39. Na3 Kg7 40. Rc2 Rb6 41. Rd5 Rb4 42. Rxc5 dxc5 43. Nb5 Rxa4 44. Nc7 Ra1+ 45. Kf2 a4 46. Nd5 Bd8 47. Nc3 a3 48. Ra2 Rxa2+ 49. Nxa2 Ba5 50. Ke3 Kg6 51. Ke4 Kg5 52. g3 Kg6 53. Kd5 Bd2 54. Kxc5 Be1 55. g4 Kg5 56. Kd5 Kf4 57. c5 Kxf3 58. c6 Ba5 59. Kc4 e4 60. Kb3 e3 61. Nc1 e2 62. Nd3 Ke3 63. Ne1 Kd2 64. Ng2 Kc1 65. Kxa3 Kd1 66. Ka4 Bc7 67. Kb5 e1Q 68. Nxe1 Kxe1 69. Kc4 Kf2 70. Kd5 Kg3 71. Ke4 Kxh3 72. Kf5 Bd8 73. Kf4 Kh4 74. Kf5 Kg3 75. c7 Bxc7 76. Kxf6 Kxg4 0-1

[Event "GER-ch Net blitz sf"]
[Site "Playchess.com INT"]
[Date "2021.06.05"]
[Round "3"]
[White "Hundack, Rolf"]
[Black "Koch, Yannick"]
[Result "0-1"]
[WhiteElo "2055"]
[BlackElo "1921"]
[PlyCount "48"]
[EventDate "2021.06.05"]
[EventType "swiss (blitz)"]
[EventRounds "13"]
[EventCountry "GER"]
[SourceTitle "EXT 2023"]
[Source "ChessBase"]
[SourceDate "2022.10.05"]
[SourceVersion "1"]
[SourceVersionDate "2022.10.05"]
[SourceQuality "1"]

1. c4 e6 2. Nc3 Bb4 3. e4 c5 4. Nf3 Nc6 5. Be2 e5 6. 0-0 d6 7. d3 f5 8. Nd5 Ba5 9. a3 f4 10. b4 Bc7 11. b5 Nd4 12. Nxd4 cxd4 13. Bh5+ g6 14. Bg4 Nf6 15. Bxc8 Rxc8 16. a4 0-0 17. a5 Bxa5 18. Nxf6+ Rxf6 19. Qg4 Bb6 20. Bd2 Rf7 21. h4 Qd7 22. Qg5 Kg7 23. h5 Bd8 24. h6+ Kg8 0-1

[Event "GER-ch Net blitz qual4"]
[Site "Playchess.com INT"]
[Date "2021.05.10"]
[Round "8"]
[White "Eilers, Stefan"]
[Black "Hundack, Rolf"]
[Result "1-0"]
[WhiteElo "2223"]
[BlackElo "2020"]
[PlyCount "51"]
[EventDate "2021.05.10"]
[EventType "swiss (blitz)"]
[EventRounds "11"]
[EventCountry "GER"]
[SourceTitle "CBM 202 Extra"]
[Source "ChessBase"]
[SourceDate "2021.07.31"]
[SourceVersion "1"]
[SourceVersionDate "2021.07.31"]
[SourceQuality "1"]

1. d4 Nf6 2. Nc3 d5 3. Bf4 g6 4. e3 Bg7 5. h4 h5 6. Nf3 Bg4 7. Be2 c6 8. Ne5 Bf5 9. f3 Nbd7 10. g4 hxg4 11. fxg4 Be4 12. Rh2 Nxe5 13. Bxe5 Qd7 14. h5 gxh5 15. Nxe4 dxe4 16. g5 h4 17. gxf6 exf6 18. Bf4 0-0-0 19. Qd2 h3 20. 0-0-0 Rh4 21. Bg3 Rh7 22. Rdh1 Rdh8 23. Qa5 a6 24. Qb6 Bh6 25. Kd2 Rg8 26. Rxh3 1-0

[Event "GER-ch Net blitz qual4"]
[Site "Playchess.com INT"]
[Date "2021.05.10"]
[Round "5"]
[White "Hundack, Rolf"]
[Black "Reindl, Jork"]
[Result "1-0"]
[WhiteElo "2020"]
[BlackElo "1739"]
[PlyCount "45"]
[EventDate "2021.05.10"]
[EventType "swiss (blitz)"]
[EventRounds "11"]
[EventCountry "GER"]
[SourceTitle "CBM 202 Extra"]
[Source "ChessBase"]
[SourceDate "2021.07.31"]
[SourceVersion "1"]
[SourceVersionDate "2021.07.31"]
[SourceQuality "1"]

1. c4 e6 2. Nc3 Nf6 3. e4 d5 4. e5 Nfd7 5. d4 dxc4 6. Bxc4 Nb6 7. Bb5+ Bd7 8. Be2 Bc6 9. Nf3 Nd5 10. 0-0 Be7 11. Be3 g5 12. Rc1 g4 13. Ne1 h5 14. Nd3 g3 15. hxg3 Nxe3 16. fxe3 h4 17. gxh4 Bxh4 18. Bf3 Rg8 19. Bxc6+ Nxc6 20. Ne4 Bg5 21. Qf3 Qd7 22. Ndc5 Qc8 23. Qxf7+ 1-0

[Event "GER-ch Net blitz qual4"]
[Site "Playchess.com INT"]
[Date "2021.05.10"]
[Round "1"]
[White "Oberling, Mario"]
[Black "Hundack, Rolf"]
[Result "1/2-1/2"]
[WhiteElo "1640"]
[BlackElo "2020"]
[PlyCount "116"]
[EventDate "2021.05.10"]
[EventType "swiss (blitz)"]
[EventRounds "11"]
[EventCountry "GER"]
[SourceTitle "CBM 202 Extra"]
[Source "ChessBase"]
[SourceDate "2021.07.31"]
[SourceVersion "1"]
[SourceVersionDate "2021.07.31"]
[SourceQuality "1"]

1. Nc3 d5 2. e4 d4 3. Nce2 c5 4. Ng3 Nc6 5. Bc4 g6 6. Nf3 Bg7 7. a3 Nf6 8. d3 0-0 9. 0-0 Bg4 10. h3 Bxf3 11. Qxf3 Ne5 12. Qe2 Nxc4 13. dxc4 e5 14. b3 Qe7 15. Bg5 h6 16. Bd2 Kh7 17. Rad1 Rab8 18. a4 a6 19. f3 Qd7 20. Kh2 b5 21. axb5 axb5 22. cxb5 Rxb5 23. Ra1 Rfb8 24. Ra4 R5b7 25. Rfa1 Ne8 26. Qc4 Rc7 27. Ba5 Rc6 28. Bd2 Bf6 29. Ra7 Rb7 30. Ra8 Bh4 31. R1a4 Nc7 32. R8a7 Ne6 33. Ra8 Nf4 34. Bxf4 exf4 35. Ne2 Qe7 36. R4a5 Qg5 37. R5a7 Bg3+ 38. Kh1 Qe7 39. Ra5 Rcc7 40. Qd5 Ra7 41. R5xa7 Rxa7 42. Rxa7 Qxa7 43. Ng1 Bf2 44. Kh2 c4 45. Ne2 cxb3 46. Qxb3 Bg3+ 47. Nxg3 fxg3+ 48. Kxg3 Qc7+ 49. Kf2 Kg7 50. Qd3 Qe5 51. Kg1 g5 52. Kf2 h5 53. Kg1 Kg6 54. Kf2 f6 55. Qa6 Qf4 56. Qd3 Qe5 57. Kg1 Qc5 58. Kf2 Qe5 1/2-1/2

[Event "GER-ch Net blitz qual2"]
[Site "Playchess.com INT"]
[Date "2021.05.04"]
[Round "7"]
[White "Hundack, Rolf"]
[Black "Speck, Stefan"]
[Result "1-0"]
[WhiteElo "1932"]
[BlackElo "1607"]
[PlyCount "43"]
[EventDate "2021.05.04"]
[EventType "swiss (blitz)"]
[EventRounds "11"]
[EventCountry "GER"]
[SourceTitle "CBM 202 Extra"]
[Source "ChessBase"]
[SourceDate "2021.07.31"]
[SourceVersion "1"]
[SourceVersionDate "2021.07.31"]
[SourceQuality "1"]

1. c4 c5 2. Nc3 Nf6 3. g3 g6 4. Bg2 Bg7 5. Nf3 Nc6 6. 0-0 d6 7. d3 e5 8. e4 0-0 9. h3 Be6 10. Be3 Qd7 11. Kh2 Nh5 12. Nd5 f5 13. exf5 gxf5 14. Ng5 Nf6 15. Nxe6 Qxe6 16. Nc7 Qf7 17. Nxa8 Rxa8 18. f4 Bh6 19. fxe5 Bxe3 20. exf6 Qxf6 21. Qf3 f4 22. Qxe3 1-0

[Event "GER-ch Net blitz qual2"]
[Site "Playchess.com INT"]
[Date "2021.05.04"]
[Round "11"]
[White "Schwierskott, Marc"]
[Black "Hundack, Rolf"]
[Result "0-1"]
[WhiteElo "2037"]
[BlackElo "1932"]
[PlyCount "68"]
[EventDate "2021.05.04"]
[EventType "swiss (blitz)"]
[EventRounds "11"]
[EventCountry "GER"]
[SourceTitle "CBM 202 Extra"]
[Source "ChessBase"]
[SourceDate "2021.07.31"]
[SourceVersion "1"]
[SourceVersionDate "2021.07.31"]
[SourceQuality "1"]

1. c4 e5 2. Nc3 Nc6 3. Nf3 Nf6 4. e3 g6 5. d4 exd4 6. exd4 d6 7. d5 Ne7 8. Bg5 Bg7 9. Qd2 h6 10. Bf4 Nh5 11. Be3 0-0 12. Be2 Nf5 13. Bd4 Nxd4 14. Nxd4 Re8 15. 0-0 Qh4 16. Bxh5 Bxd4 17. Bf3 Be5 18. g3 Qh3 19. Bg2 Qh5 20. Rad1 Bg4 21. Rde1 Bh3 22. f4 Bg7 23. Bxh3 Qxh3 24. Rxe8+ Rxe8 25. Re1 Bd4+ 26. Kh1 Rxe1+ 27. Qxe1 a6 28. Nd1 h5 29. b3 h4 30. Nf2 Qf5 31. Nd1 hxg3 32. Qxg3 Qe4+ 33. Qg2 Qe1+ 34. Qf1 Qxf1# 0-1

[Event "GER-ch"]
[Site "Magdeburg"]
[Date "2020.08.18"]
[Round "4"]
[White "Hundack, Rolf"]
[Black "Nguyen, Alex Dac Vuong"]
[Result "1/2-1/2"]
[WhiteElo "2126"]
[BlackElo "2366"]
[PlyCount "173"]
[EventDate "2020.08.16"]
[EventType "swiss"]
[EventRounds "9"]
[EventCountry "GER"]
[SourceTitle "CBM 197 Extra"]
[Source "ChessBase"]
[SourceDate "2020.09.30"]
[SourceVersion "1"]
[SourceVersionDate "2020.09.30"]
[SourceQuality "1"]

1. d4 Nf6 2. Nf3 e6 3. e3 c5 4. Bd3 Nc6 5. 0-0 d5 6. c3 Bd6 7. Nbd2 0-0 8. e4 cxd4 9. cxd4 Nb4 10. Bb1 dxe4 11. Nxe4 Nxe4 12. Bxe4 f5 13. Bd3 Qd7 14. Re1 Re8 15. Bf1 b6 16. a3 Nd5 17. Qb3 Bb7 18. Bb5 Bc6 19. Bxc6 Qxc6 20. Bd2 h6 21. Rac1 Qd7 22. Re2 Rac8 23. Rce1 Rc6 24. Nh4 Rec8 25. Nxf5 Bb8 26. Ng3 Qf7 27. Qd3 Rf8 28. Qe4 Rd6 29. Be3 Nf6 30. Qh4 Rd5 31. Ne4 Bxh2+ 32. Qxh2 Nxe4 33. Qh4 Nd6 34. Qg4 Qf5 35. Qh4 Qg6 36. Qg3 Qxg3 37. fxg3 Nf5 38. Bf2 Nxd4 39. Bxd4 Rxd4 40. Rxe6 Rd2 41. R1e2 Rfd8 42. Re7 Rxe2 43. Rxe2 Rd3 44. Kh2 a5 45. Kh3 Kf7 46. Kg4 Kf6 47. Rc2 Rb3 48. Kf4 h5 49. Rc6+ Kf7 50. Rc7+ Kg6 51. Rc6+ Kh7 52. Rc2 Kh6 53. Rd2 g5+ 54. Kf5 Rxg3 55. Rd6+ Kh7 56. Rxb6 h4 57. Rb7+ Kg8 58. Kg6 Kf8 59. Rf7+ Ke8 60. Rf2 a4 61. Rd2 Ke7 62. Kf5 g4 63. Ke5 h3 64. gxh3 gxh3 65. Rh2 Kd7 66. Kd5 Rg5+ 67. Kc4 Rh5 68. b3 Rh4+ 69. Kc3 axb3 70. Kxb3 Ke6 71. a4 Kf5 72. a5 Kg4 73. a6 Kg3 74. a7 Rh8 75. Rh1 h2 76. Rc1 Ra8 77. Rc3+ Kg4 78. Rc4+ Kf3 79. Rc3+ Kg4 80. Rc4+ Kg5 81. Rc5+ Kg6 82. Rc6+ Kg7 83. Rc1 Rxa7 84. Rh1 Rb7+ 85. Kc3 Rc7+ 86. Kd3 Rd7+ 87. Ke3 1/2-1/2

[Event "GER-ch"]
[Site "Magdeburg"]
[Date "2020.08.18"]
[Round "3"]
[White "Mueller, Dominik"]
[Black "Hundack, Rolf"]
[Result "0-1"]
[WhiteElo "2252"]
[BlackElo "2126"]
[PlyCount "54"]
[EventDate "2020.08.16"]
[EventType "swiss"]
[EventRounds "9"]
[EventCountry "GER"]
[SourceTitle "CBM 197 Extra"]
[Source "ChessBase"]
[SourceDate "2020.09.30"]
[SourceVersion "1"]
[SourceVersionDate "2020.09.30"]
[SourceQuality "1"]

1. c4 e5 2. Nc3 Nf6 3. Nf3 Nc6 4. d4 exd4 5. Nxd4 Be7 6. g3 d6 7. Nxc6 bxc6 8. Bg2 Bd7 9. 0-0 0-0 10. b3 Rb8 11. Qc2 Qc8 12. Rd1 Bf5 13. Qd2 Qd7 14. Bb2 Bh3 15. Bh1 Rfe8 16. e4 Ng4 17. f3 Ne5 18. Ne2 Bf6 19. Rac1 Qe7 20. c5 Rbd8 21. cxd6 Rxd6 22. Qc2 Red8 23. Rxd6 Qxd6 24. f4 Nd3 25. e5 Qb4 26. exf6 Nxc1 27. Bxc1 Qe1# 0-1

[Event "GER-ch Net blitz qual3"]
[Site "Playchess.com INT"]
[Date "2020.03.21"]
[Round "7"]
[White "Hundack, Rolf"]
[Black "Hendrich, Daniel"]
[Result "1-0"]
[WhiteElo "2126"]
[BlackElo "1883"]
[PlyCount "63"]
[EventDate "2020.03.21"]
[EventType "swiss (blitz)"]
[EventRounds "9"]
[EventCountry "GER"]
[SourceTitle "CBM 195 Extra"]
[Source "ChessBase"]
[SourceDate "2020.05.31"]
[SourceVersion "1"]
[SourceVersionDate "2020.05.31"]
[SourceQuality "1"]

1. c4 Nf6 2. Nc3 d6 3. g3 e5 4. Bg2 c6 5. Nf3 Be7 6. 0-0 0-0 7. d3 Nbd7 8. e4 Nc5 9. h3 Bd7 10. Be3 b6 11. b4 Ne6 12. d4 exd4 13. Nxd4 Nxd4 14. Bxd4 Rc8 15. Qe2 c5 16. bxc5 dxc5 17. Be3 Qc7 18. Rad1 a6 19. Bf4 Qa7 20. e5 Ne8 21. Nd5 Be6 22. Rfe1 g5 23. Bc1 Ng7 24. Nf6+ Kh8 25. Bxg5 b5 26. Bh6 Bxc4 27. Bxg7+ Kxg7 28. Qg4+ Kh8 29. Qf5 Bxf6 30. Qxf6+ Kg8 31. Re4 Be6 32. Rh4 1-0

[Event "GER-ch Net blitz qual3"]
[Site "Playchess.com INT"]
[Date "2020.03.21"]
[Round "1"]
[White "Hundack, Rolf"]
[Black "Sautter, Joachim"]
[Result "1-0"]
[WhiteElo "2126"]
[BlackElo "1467"]
[PlyCount "45"]
[EventDate "2020.03.21"]
[EventType "swiss (blitz)"]
[EventRounds "9"]
[EventCountry "GER"]
[SourceTitle "CBM 195 Extra"]
[Source "ChessBase"]
[SourceDate "2020.05.31"]
[SourceVersion "1"]
[SourceVersionDate "2020.05.31"]
[SourceQuality "1"]

1. c4 e5 2. Nc3 d6 3. g3 Nf6 4. Bg2 Nc6 5. Nf3 Be6 6. d3 Be7 7. 0-0 d5 8. cxd5 Nxd5 9. Bd2 f6 10. a3 Nxc3 11. Bxc3 Bd5 12. b4 Bxf3 13. Bxf3 0-0 14. b5 Nd4 15. Bxd4 exd4 16. Bxb7 Rb8 17. Qb3+ Kh8 18. Bf3 a6 19. a4 axb5 20. a5 Qd6 21. a6 Qb4 22. Qxb4 Bxb4 23. a7 1-0

[Event "Bremen-ch"]
[Site "Bremen"]
[Date "2019.04.17"]
[Round "6.3"]
[White "Hundack, Rolf"]
[Black "Elmali, Timur"]
[Result "1/2-1/2"]
[WhiteElo "2103"]
[BlackElo "2102"]
[PlyCount "117"]
[EventDate "2019.04.13"]
[EventType "swiss"]
[EventRounds "9"]
[EventCountry "GER"]
[SourceTitle "EXT 2020"]
[Source "ChessBase"]
[SourceDate "2019.10.17"]
[SourceVersion "1"]
[SourceVersionDate "2019.10.17"]
[SourceQuality "1"]

1. d4 Nf6 2. Bf4 d6 3. Nf3 Bg4 4. e3 Nbd7 5. Be2 c6 6. h3 Bxf3 7. Bxf3 e5 8. Bh2 Be7 9. 0-0 0-0 10. Nd2 exd4 11. exd4 d5 12. c3 Re8 13. Re1 Nf8 14. Qb3 Qd7 15. Re3 Ng6 16. Bg3 Bf8 17. Be5 Nxe5 18. dxe5 d4 19. cxd4 Qxd4 20. exf6 Qxd2 21. Rd1 Rxe3 22. fxe3 Qb4 23. fxg7 Kxg7 24. Qd3 Be7 25. Rf1 Rd8 26. Qf5 Qc5 27. Qe4 Rd5 28. Kh1 Re5 29. Qg4+ Rg5 30. Qd7 Qe5 31. Bg4 h5 32. Bd1 Qg3 33. Qd4+ Qe5 34. Bb3 Qxd4 35. Rxf7+ Kg6 36. exd4 Bf6 37. Rd7 Rb5 38. g3 h4 39. gxh4 Bxh4 40. Kg2 a5 41. Bf7+ Kf6 42. b3 Rg5+ 43. Kf3 Rg7 44. Be8 Rxd7 45. Bxd7 Ke7 46. Bc8 b5 47. Bb7 Kd6 48. Ke4 Bf6 49. d5 cxd5+ 50. Bxd5 a4 51. Bf7 axb3 52. Bxb3 Ke7 53. Kf5 Bh4 54. Kg4 Bf6 55. h4 Kf8 56. h5 Kg7 57. Kf5 Bb2 58. Bd5 b4 59. Bb3 1/2-1/2

[Event "Bremen-ch op"]
[Site "Bremen"]
[Date "2018.03.25"]
[Round "3"]
[White "Hundack, Rolf"]
[Black "Klemm, Robert"]
[Result "1-0"]
[WhiteElo "2085"]
[BlackElo "1778"]
[PlyCount "73"]
[EventDate "2018.03.24"]
[EventType "swiss"]
[EventRounds "9"]
[EventCountry "GER"]
[SourceTitle "EXT 2019"]
[Source "ChessBase"]
[SourceDate "2018.10.10"]
[SourceVersion "1"]
[SourceVersionDate "2018.10.10"]
[SourceQuality "1"]

1. c4 Nf6 2. Nc3 d6 3. g3 g6 4. Bg2 Bg7 5. Nf3 0-0 6. 0-0 c5 7. e4 Nc6 8. h3 e5 9. d3 Ne8 10. Nd5 Nc7 11. Bg5 f6 12. Be3 Ne6 13. Ne1 Ned4 14. Rb1 Be6 15. f4 f5 16. Qd2 Qd7 17. Kh2 Rf7 18. Nf3 Nxf3+ 19. Rxf3 Nd4 20. Rf2 Raf8 21. b4 b6 22. bxc5 dxc5 23. Re1 fxe4 24. dxe4 Bh6 25. Ref1 Qa4 26. fxe5 Bxe3 27. Qxe3 Qxc4 28. Nf6+ Kg7 29. Qg5 h6 30. Qd2 Rd8 31. Nd5 Rdf8 32. Rxf7+ Rxf7 33. Rxf7+ Bxf7 34. Qf4 Ne6 35. Qf6+ Kg8 36. Ne7+ Kf8 37. Nxg6+ 1-0

[Event "Bremen-ch op"]
[Site "Bremen"]
[Date "2018.03.25"]
[Round "2"]
[White "Jung, Gerald"]
[Black "Hundack, Rolf"]
[Result "0-1"]
[WhiteElo "1919"]
[BlackElo "2085"]
[PlyCount "90"]
[EventDate "2018.03.24"]
[EventType "swiss"]
[EventRounds "9"]
[EventCountry "GER"]
[SourceTitle "EXT 2019"]
[Source "ChessBase"]
[SourceDate "2018.10.10"]
[SourceVersion "1"]
[SourceVersionDate "2018.10.10"]
[SourceQuality "1"]

1. Nc3 d5 2. e4 d4 3. Nce2 c5 4. Ng3 Nc6 5. Nf3 g6 6. Bc4 Bg7 7. Qe2 e5 8. d3 Nf6 9. Ng5 0-0 10. 0-0 h6 11. Nxf7 Rxf7 12. f4 Qe7 13. f5 gxf5 14. Nxf5 Bxf5 15. Rxf5 Kh7 16. Bxf7 Qxf7 17. Bd2 Qe6 18. Raf1 Ne7 19. R5f3 Rf8 20. h3 Ng6 21. g4 Nh4 22. Rg3 Nd7 23. g5 Rxf1+ 24. Kxf1 hxg5 25. Bxg5 Ng6 26. Qh5+ Kg8 27. Bh6 Ndf8 28. Bxg7 Kxg7 29. Qg5 Nh7 30. Qh5 Nhf8 31. h4 Qf6+ 32. Kg1 Qf4 33. Qg5 Qxg5 34. Rxg5 Ne6 35. Rg4 Kh6 36. Kh2 b5 37. a3 c4 38. dxc4 bxc4 39. b4 cxb3 40. cxb3 d3 41. Rg1 Nc5 42. Rd1 Nf4 43. b4 Nxe4 44. Kg1 Nc3 45. Rd2 Nb1 0-1